Les Jeux Zelda - Ordre Chronologique - Statistiques

Statistiques générales
  • Ce quiz a été pris 283 fois
    145 depuis la dernière actualisation
  • Le résultat moyen est 18 sur 21
Statistiques - réponses
Timeline Hint Réponse % Correct
Univers Principal 1998 Ocarina of Time
99%
Rassemblement des 3 Univers Parallèles 2017 Breath of the Wild
96%
Rassemblement des 3 Univers Parallèles 2023 Tears of the Kingdom
96%
Univers Parallèle : Victoire du Héros du Temps : Enfance 2000 Majora's Mask
95%
Univers Parallèle : Victoire du Héros du Temps : Enfance 2006 Twilight Princess
94%
Univers Principal 2011 Skyward Sword
93%
Univers Parallèle : Victoire du Héros du Temps : Age Adulte 2003 The Wind Waker
91%
Univers Parallèle : Défaite du Héros du Temps 1986 The Legend of Zelda
88%
Univers Parallèle : Défaite du Héros du Temps 1993 Link's Awakening
86%
Univers Parallèle : Victoire du Héros du Temps : Age Adulte 2007 Phantom Hourglass
86%
Univers Parallèle : Victoire du Héros du Temps : Age Adulte 2009 Spirit Tracks
84%
Univers Principal 2004 The Minish Cap
84%
Univers Parallèle : Défaite du Héros du Temps 1991 A Link to the Past
82%
Univers Parallèle : Défaite du Héros du Temps 2001 Oracle of Ages
81%
Univers Parallèle : Défaite du Héros du Temps 2001 Oracle of Seasons
80%
Univers Parallèle : Défaite du Héros du Temps 2013 A Link Between Worlds
79%
Univers Principal 2002 Four Swords
78%
Univers Parallèle : Défaite du Héros du Temps 2024 Echoes of Wisdom
75%
Univers Parallèle : Défaite du Héros du Temps 2015 Tri Force Heroes
73%
Univers Parallèle : Défaite du Héros du Temps 1987 The Adventure of Link
69%
Univers Parallèle : Victoire du Héros du Temps : Enfance 2004 Four Swords Adventures
43%
Aucun quiz correspondant
Distribution des résultats
% des personnes avec chaque résultat
Percentile par nombre de réponses
Votre historique - résultats
Vous n’avez pas pris ce quiz depuis la dernière actualisation